| 000 | 00772nam a2200253Ia 4500 | ||
|---|---|---|---|
| 003 | OSt | ||
| 005 | 20220928115419.0 | ||
| 006 | a|||||r|||| 00| 0 | ||
| 007 | ta | ||
| 008 | 220927b |||||||| |||| 00| 0 eng d | ||
| 020 | _c3166.5590000000002 | ||
| 024 | _a113809 | ||
| 037 |
_b91, 25/11/2011, Aviva Books Company _cTextual |
||
| 040 |
_aSDCL _cSDCL _beng |
||
| 041 |
_2eng _aeng |
||
| 082 | _aX81:8, Q2 | ||
| 100 |
_aMarchetti Anne M _9444162 |
||
| 245 | 0 |
_aEnterprise risk management best practices _b From assessment to ongoing compliance. |
|
| 260 |
_aHoboken _c2011 |
||
| 300 |
_axi,180p _ccm. |
||
| 650 | _aFinancial Studies | ||
| 942 |
_hX81:8, Q2 _cTEXL _2CC |
||
| 999 |
_c759278 _d759278 |
||